000 00877nam a2200241Ia 4500
003 OSt
005 20220923223451.0
006 a|||||r|||| 00| 0
007 ta
008 220922b |||||||| |||| 00| 0 hin d
024 _a217,127
037 _cTextual
040 _aARTS
_cARTS
_bhin
041 _2hin
_ahin
082 _aV2:2.N9, 152N5
100 _aकश्यप, सुभाष
_9156290
245 0 _aहमारा संविधान
_b भारत का संविधान और संवैधानिक विधि
246 _aHamārā sanvidhāna: bhārat kā sanvidhān aur sanvaidhānik vidhi
260 _aनयी दिल्ली
_b नेशनल बुक ट्रस्ट
_c1996
300 _a255i`
_ccm.
942 _hV2:2.N9, 152N5
_cTEXL
_2CC
999 _c365541
_d365541